Geografická jména České republiky
| Titel: | Geografická jména České republiky / Pavel Boháč |
|---|---|
| Verfasser: | |
| Ausgabe: | 1. vyd. |
| Veröffentlicht: | Praha : Český úřád zeměměřický a katastrální, 2002 |
| Umfang: | 102 S. ; 1 Kt.-Beil. |
| Format: | Buch |
| Sprache: | Tschechisch |
| ISBN: | 8090232167 |
| Hinweise zum Inhalt: |
Inhaltsverzeichnis
|
| Lokale Klassifikation: | 23 2 F ; 23 2 L 201 |
|---|
alg: 12059080 001A $03004:22-04-04 001B $06055:23-02-26 $t17:25:46.000 001C $03004:25-08-10 $t09:37:17.000 001D $01999:25-08-10 001U $0utf8 001X $00 002@ $0Aay 003@ $0120590808 004A $080-902321-6-7 007A $0120590808 $aHEB 007G $0DE0206D7C97117A36650DC1257B88003D8EE5 007T $0Herdhh120590808 009P $qapplication/pdf $A2 $3Inhaltsverzeichnis $uhttp://scans.hebis.de/HEBCGI/show.pl?12059080_toc.pdf $mV:DE-603;B:DE-Mb50 010@ $acze 011@ $a2002 013H $0z 021A $aGeografická jména České republiky $hPavel Boháč 028A $7139679790 $8Boháč, Pavel [Tp4] $921752740X 032@ $a1. vyd. 033A $pPraha $nČeský úřád zeměměřický a katastrální 034D $a102 S. 034I $a1 Kt.-Beil. 044K $RBöhmische Länder $RČeská SR $RTschechoslowakei $#Tschechien $#Tschechische Republik $#Tschechien $#Tschechische Republik $#Tschechenland $#Tschechei Tschechien $#Česká Republika $#Czech Republic $#ČR $D20251120 $Ecgmnf $74303381-7 $8Tschechien [Tg1] $9086659812 044K $RName $#Names, Geographical $#Noms géographiques $#Toponimi $#Nombres geográficos $#Geographischer Name $#Geografische Onomatologie $#Geografische Namen $D20251120 $Ecgmnf $74130377-5 $8Geografischer Name [Ts1] $9085460664 045F $a307.094371 $eDDC23BSB 045F/01 $a307.09 045F/03 $g4371 045G $a911.4371 $eDDC23BSB 045G/01 $a911 045G/03 $g4371 045H $a417.7094371 $eDDC23BSB 045H/01 $a417.7 045H/03 $g4371 lok: 12059080 24 101B $025-08-10 $t09:37:17.000 101C $025-08-10 101U $0utf8 145Z/01 $a23 2 F 145Z/02 $a23 2 L 201 exp: 12059080 24 1 #EPN 201B/01 $025-08-10 $t09:37:17.000 201C/01 $022-04-04 201U/01 $0utf8 203@/01 $0213026171 208@/01 $a25-08-10 $bz 209A/01 $a07.2750 $du $f050 $h07 2750 $x00 209C/01 $a07.2750 T $h07 2750 T 209G/01 $a72635817 $x00 220C/01 $akon 247C/01 $8358050-7Marburg, Bibliothek des Herder-Instituts Marburg $9102600961 lok: 12059080 78 exp: 12059080 78 1 #EPN 201B/01 $025-11-17 $t23:38:41.000 201U/01 $0utf8 203@/01 $0794273866 208@/01 $a12-11-16 $be 209A/01 $a/ $f000 $x00 237A/01 $aweiterführende Signatur(en): Herder-Institut: 07.2750 244Z/01 $#Tschechien $#Tschechische Republik $#Tschechien $#Tschechische Republik $#Tschechenland $#Tschechei Tschechien $#Česká Republika $#Czech Republic $#ČR $74303381-7 $8--Tg1--Tschechien $x01 $9086659812 244Z/01 $2Trx $#Böhmen $#Bohemia $#Czechy $8--Trx--Čechy $x02 $9391188941 244Z/01 $2Trx $8--Trx--Monographie $x03 $9391384546 245Z/01 $a11.07 $x01 247C/01 $82080>Marburg/Lahn, Herder-Institut, Forschungsbibliothek, Bibliographieportal $9336309341
| LEADER | 00000cam a22000002c 4500 | ||
|---|---|---|---|
| 001 | 120590808 | ||
| 003 | DE-603 | ||
| 005 | 20260223172546.0 | ||
| 007 | tu | ||
| 008 | 040422s2002 xx |||| | u00||u|cze c | ||
| 020 | |a 8090232167 | ||
| 035 | |a (DE-599)HEB120590808 | ||
| 040 | |a DE-603 |b ger |c DE-603 |d DE-603 | ||
| 041 | |a cze | ||
| 082 | 0 | 4 | |8 1\u |a 307.094371 |q DE-101 |2 23/BSB |
| 083 | 0 | |8 2\u |a 911.4371 |q DE-101 |2 23/BSB | |
| 083 | 0 | |8 3\u |a 417.7094371 |q DE-101 |2 23/BSB | |
| 085 | |8 1\u |b 307.09 | ||
| 085 | |8 1\u |z 2 |s 4371 | ||
| 085 | |8 2\u |b 911 | ||
| 085 | |8 2\u |z 2 |s 4371 | ||
| 085 | |8 3\u |b 417.7 | ||
| 085 | |8 3\u |z 2 |s 4371 | ||
| 100 | 1 | |a Boháč, Pavel |0 (DE-603)21752740X |0 (DE-588)139679790 |2 gnd | |
| 245 | 0 | 0 | |a Geografická jména České republiky |c Pavel Boháč |
| 250 | |a 1. vyd. | ||
| 264 | 1 | |a Praha |b Český úřád zeměměřický a katastrální |c 2002 | |
| 300 | |a 102 S. |c 1 Kt.-Beil. | ||
| 650 | 7 | |a Geografischer Name |0 (DE-588)4130377-5 |0 (DE-603)085460664 |2 gnd | |
| 651 | 7 | |a Tschechien |0 (DE-588)4303381-7 |0 (DE-603)086659812 |2 gnd | |
| 856 | 4 | 2 | |m V:DE-603;B:DE-Mb50 |q application/pdf |u http://scans.hebis.de/HEBCGI/show.pl?12059080_toc.pdf |3 Inhaltsverzeichnis |
| 924 | 0 | |9 Mb 50 |a (DE-603)213026171 |b DE-Mb50 |c HES |d c |g 07.2750 | |
| 924 | 0 | |9 2080 |a (DE-603)794273866 |b DE-2080 |c HES |d d |g / | |


